Statistics for History quiz

Click here to take the quiz!

General Stats

  • This quiz has been taken 40 times
  • The average score is 31 of 39

Answer Stats

HintAnswer% Correct
First US president to be assasinatedAbraham Lincoln
100%
Leader of Germany in WW2Adolf Hitler
100%
She wrote a diary during WW2Anne Frank
100%
First non-white US presidentBarack Obama
100%
First US presidentGeorge Washington
100%
Former agent of the above, that is now president of RussiaVladimir Putin
100%
Bosnia and Herzegovina, Croatia, Kosovo, Macedonia, Montenegro and Serbia used to be this countryYugoslavia
100%
US spy agencyCIA
97%
This country is responsible for the holocaustNazi Germany
97%
Who invented the lightbulb?Thomas Edison
97%
Leader of the Russian revolution, has the same first-name as the aboveVladimir Lenin
97%
US state that was colonized by RussiaAlaska
92%
Dictator of the USSR in WW2Joseph Stalin
92%
Who invented communism?Karl Marx
92%
Soviet spy agencyKGB
92%
India as at war with this country four timesPakistan
92%
What city did she live in?Amsterdam
89%
What was the biggest concentration camp?Auschwitz
89%
What religious group was targeted during the holocaust?Jews
89%
British Prime Minister during most of WW2Winston Churchill
89%
Duce of Italy in WW2Benito Mussolini
86%
The above's wifeEva Braun
81%
Part of Ukraine that was invaded by RussiaCrimea
78%
The Ottoman Empire commited genocide on which ethnicity?Armenians
73%
What country was liberated from Pakistan after one of these wars?Bangladesh
73%
Emperor of Japan in WW2Hirohito
73%
First leader of VietnamHo Chi Minh
70%
Who assasinated the above?John Wilkes Booth
70%
Only catholic US presidentJohn F. Kennedy
68%
Former Kingdom in Africa, invaded by ItalyKingdom of Ethiopia
65%
Most important battle between the US and JapanBattle of Midway
62%
US colony in AfricaLiberia
62%
The "other" ChinaTaiwan
62%
Who discovered electricity?Benjamin Franklin
59%
First communist countrySoviet Union
57%
War between the USSR and FinlandWinter War
54%
First leader of North KoreaKim Il-sung
35%
Most recent country to lose it's monarchyNepal
22%
Only country to have voluntarily given up it nuclear programSouth Africa
22%

Score Distribution

Percentile by Number Answered

Percent of People with Each Score

Your Score History

You have not taken this quiz